Unapologetic : (Record no. 120780)
[ view plain ]
| 000 -LEADER | |
|---|---|
| fixed length control field | 01417cam a2200337Ii 4500 |
| 001 - CONTROL NUMBER | |
| control field | 10904554 |
| 003 - CONTROL NUMBER IDENTIFIER | |
| control field | ARRUPE |
| 005 - DATE AND TIME OF LATEST TRANSACTION | |
| control field | 20140908115031.0 |
| 008 - FIXED-LENGTH DATA ELEMENTS--GENERAL INFORMATION | |
| fixed length control field | 131016s2013 nyu 000 0 eng d |
| 020 ## - INTERNATIONAL STANDARD BOOK NUMBER | |
| International Standard Book Number | 9780062300454 (hc.) |
| 020 ## - INTERNATIONAL STANDARD BOOK NUMBER | |
| International Standard Book Number | 0062300458 (hc.) |
| 024 ## - OTHER STANDARD IDENTIFIER | |
| Standard number or code | 99959547916 |
| 035 ## - SYSTEM CONTROL NUMBER | |
| System control number | (OCoLC)ocn860842144 |
| 035 ## - SYSTEM CONTROL NUMBER | |
| System control number | (OCoLC)860842144 |
| Canceled/invalid control number | (OCoLC)841894845 |
| -- | (OCoLC)841910147 |
| 040 ## - CATALOGING SOURCE | |
| Original cataloging agency | JAI |
| Transcribing agency | JAI |
| Modifying agency | CO2 |
| -- | CGP |
| -- | BTCTA |
| -- | YDXCP |
| -- | BDX |
| -- | CNSAP |
| -- | JAG |
| -- | LE# |
| -- | CDX |
| -- | WCH |
| -- | LNT |
| 050 #4 - LIBRARY OF CONGRESS CALL NUMBER | |
| Classification number | BV4501.3 |
| Item number | .S667 2012 |
| 082 #4 - DEWEY DECIMAL CLASSIFICATION NUMBER | |
| Classification number | 248.4 |
| 300 ## - PHYSICAL DESCRIPTION | |
| Dimensions | 22 cm. |
| 100 1# - MAIN ENTRY--PERSONAL NAME | |
| Personal name | Spufford, Francis, |
| Dates associated with a name | 1964- |
| 9 (RLIN) | 11058 |
| 245 10 - TITLE STATEMENT | |
| Title | Unapologetic : |
| Remainder of title | why, despite everything, Christianity can still make surprising emotional sense / |
| Statement of responsibility, etc | Francis Spufford. |
| 250 ## - EDITION STATEMENT | |
| Edition statement | U.S. Edition. |
| 260 ## - PUBLICATION, DISTRIBUTION, ETC. (IMPRINT) | |
| Place of publication, distribution, etc | London |
| Name of publisher, distributor, etc | Faber and Faber |
| Date of publication, distribution, etc | 2012 |
| 300 ## - PHYSICAL DESCRIPTION | |
| Extent | xiii, 221 pages ; |
| 505 0# - FORMATTED CONTENTS NOTE | |
| Formatted contents note | Unapologetic -- The crack in everything -- Big Daddy -- Hello, cruel world -- Yeshua -- Et cetera -- The International League of the Guilty, part two -- Consequences. |
| 520 ## - SUMMARY, ETC. | |
| Summary, etc | Unapologetic is a brief, witty, personal, sharp-tongued defence of Christian belief, taking on Dawkins' 'The God delusion' and Christopher Hitchens' 'God is not great.' |
| 650 #0 - SUBJECT ADDED ENTRY--TOPICAL TERM | |
| Topical term or geographic name as entry element | Christian life. |
| 9 (RLIN) | 11059 |
| 650 #0 - SUBJECT ADDED ENTRY--TOPICAL TERM | |
| Topical term or geographic name as entry element | Faith. |
| 9 (RLIN) | 11060 |
| 650 #0 - SUBJECT ADDED ENTRY--TOPICAL TERM | |
| Topical term or geographic name as entry element | Apologetics. |
| 9 (RLIN) | 11061 |
| 942 ## - ADDED ENTRY ELEMENTS (KOHA) | |
| Source of classification or shelving scheme | Library of Congress Classification |
| Koha item type | Monograph ( Printed materials) |
| 948 1# - LOCAL PROCESSING INFORMATION (OCLC); SERIES PART DESIGNATOR (RLIN) | |
| Series part designator, SPT (RLIN) | 20140905 |
| b (OCLC) | c |
| c (OCLC) | as2107 |
| d (OCLC) | MPS |
| 980 ## - EQUIVALENCE OR CROSS-REFERENCE-SERIES STATEMENT--PERSONAL NAME/TITLE [LOCAL, CANADA] | |
| Date of a work | 884174 |
| Arranged statement for music | 1 |
| Version | 20.92 |
| Title of a work | uts |
| Affiliation | 4317B |
| Withdrawn status | Lost status | Source of classification or shelving scheme | Damaged status | Not for loan | Collection code | Home library | Current library | Shelving location | Date acquired | Total Checkouts | Full call number | Barcode | Date last seen | Price effective from | Koha item type |
|---|---|---|---|---|---|---|---|---|---|---|---|---|---|---|---|
| Library of Congress Classification | Main Collection | ARRUPE LIBRARY | ARRUPE LIBRARY | Main Collection | 08/09/2014 | BV4501.3 .S667 2012 | 46500001454 | 24/01/2017 | 08/09/2014 | Monograph ( Printed materials) |